Arithmetic of complex manifolds
Αποθηκεύτηκε σε:
| Άλλοι συγγραφείς: | , |
|---|---|
| Μορφή: | Βιβλίο |
| Γλώσσα: | English |
| Δημοσίευση: |
Berlin :
Springer-Verlag,
c1989.
|
| Σειρά: | Lecture notes in mathematics (Springer-Verlag)
; 1399 |
| Θέματα: | |
| Ετικέτες: |
Προσθήκη ετικέτας
Δεν υπάρχουν, Καταχωρήστε ετικέτα πρώτοι!
|
MARC
| LEADER | 00000cam a2200000 i 4500 | ||
|---|---|---|---|
| 001 | 1/28999 | ||
| 008 | 941103s1989 gw ||| | eng|| | ||
| 020 | |a 3540517294 | ||
| 035 | |l 10038213 | ||
| 040 | |a GR-MyUA |b gre |e AACR2 | ||
| 041 | 0 | |a eng | |
| 082 | 0 | |a 515 | |
| 245 | 1 | 0 | |a Arithmetic of complex manifolds / |c W.-P. Barth, H. Lange (Eds.). |
| 260 | |a Berlin : |b Springer-Verlag, |c c1989. | ||
| 300 | |a 170 σ. : |b εικ. ; |c 24 εκ. | ||
| 490 | 1 | |a (Lecture notes in mathematics (Springer-Verlag) |v ; 1399) | |
| 504 | |a Περιέχει βιβλιογραφικές αναφορές. | ||
| 650 | 0 | 0 | |a Complex manifolds |x Congresses. |
| 700 | 1 | |a Lange, H. |q (Herbert), |d 1943- |e edt | |
| 700 | 1 | |a Barth, Wolf, |e edt | |
| 830 | 0 | |a Lecture notes in mathematics (Springer-Verlag) |v ; 1399 | |
| 852 | |a INST |b SAMOS |e 19941103 |h 515 ARI |p 005300008229 |q 005300008229 |t BK |y 0 | ||
| 909 | |a Σ |b 029222 | ||